000
00323nam a2200133Ia 4500
008
220204s9999 xx 000 0 und d
082
_a
631.4
_b
HAL
100
_a
CRAWFORD, D V
245
0
_a
Experimental pedology
260
_a
London
_b
Butterworths
_c
1965
650
_a
Pedology
700
_a
HALLSWORTH, E G
942
_c
BK
999
_c
21149
_d
21149